000 00391nam a2200169Ia 4500
001 21952
003 IN-NITTTR
005 20251114233249.0
008 251113s9999||||xx |||||||||||||| ||eng||
040 _beng
040 _cIN-NITTTR
041 _aeng
082 _a658.562 W665Q
100 _aWille, Edgar
245 0 _aQuality :
_bachieving excellence /
_cWille, Edgar
942 _2ddc
_cBK
999 _c24582
_d24582